000 03512nam a2200433 i 4500
001 196401
003 ES-GrU
005 20250826063155.0
007 ta
008 240925e2024 sp a||||r 001 0bspa d
017 _aPO 214-2024
_bOficina Depósito Legal Pontevedra
020 _a978-84-1343-301-1
040 _aUGR
_erda
_bspa
_cES-MaACL
049 _aTOR
080 _a070.42-055.2
080 _a929 Burgos, Carmen de
100 1 _aPedregosa, Alejandro,
_d1974-
_eaut
_9238891
245 1 0 _aVocación de libertad :
_bvida de Carmen de Burgos /
_cAlejandro Pedregosa ; ilustraciones de Carmen F. Agudo
250 _aPrimera edición: junio, 2024
264 1 _aPontevedra :
_bKalandraka,
_c[2024]
300 _a72 páginas :
_bilustraciones (color) ;
_c21 cm.
336 _atexto
_btxt
_2rdacontent
337 _asin mediación
_bn
_2rdamedia
338 _avolumen
_bnc
_2rdacarrier
440 1 _a
_9242045
490 1 _aBiografías (Kalandraka) ;
_v3
500 _aBiografía de la primera periodista profesional de nuestro país. Una gran mujer que superó las convenciones de su época
520 3 _aTrayectoria vital de la primera periodista profesional en España y primera corresponsal de guerra, además de pionera en la defensa de los derechos de las mujeres. Pedregosa traza una semblanza de Carmen de Burgos con el ritmo ágil, la sensibilidad y el tono cercano que caracterizan su obra narrativa, poniendo en valor la figura de una intelectual absoluta -maestra, periodista, escritora, traductora, conferenciante, ateneísta…- que acabó siendo desterrada de la memoria colectiva. Además de colaborar en una revista satírica, Carmen de Burgos se graduó en Enseñanza Elemental Primaria y Enseñanza Superior, y logró una plaza en la Escuela Normal de Maestras de Guadalajara. Se distinguió como una activa promotora del sufragio femenino, la educación sexual, la legalización del divorcio o la abolición de la pena de muerte. En esta biografía destaca el hito que supuso firmar un contrato con el "Diario universal" para publicar columnas -bajo el seudónimo de Colombine- que trataban avances procedentes del ámbito europeo. De su faceta periodística también sobresale su papel como corresponsal de "El Heraldo de Madrid" en la Guerra de Melilla. Formó parte de la Asociación de la Prensa de Madrid y organizó una tertulia en la que participaron numerosos intelectuales. Al proclamarse la II República vio cumplidas sus aspiraciones con el reconocimiento del matrimonio civil, el divorcio y el voto femenino. Por este bagaje, tras la guerra civil su obra fue prohibida por la censura franquista. Así, las ilustraciones de F. Agudo muestran a la protagonista en distintas etapas, utilizando como recurso estético las marcas de patronaje que representan, simbólicamente, a una mujer que desafió las pautas y los convencionalismos de su época
600 1 4 _aBurgos, Carmen de,
_d1867-1932-
_xBiografías
_932647
655 0 _aBiografías
_9176647
700 1 _aFernández Agudo, Carmen,
_d1973-
_eill
_9238894
830 0 _aBiografías (Kalandraka) ;
_v3
_9238895
852 4 _aES-MaACL
_cDEPOJ
_gDedicatoria autógrafa del autor
_hDonación: Alejandro Pedregosa
_jN-10182
_xRústica con una goma
_9206309
903 _9238891
_aPedregosa Morales, Alejandro,
_d1974-
_ednr
942 _cMONOGRAFIA
_n0
999 _c196401
_d196401